| 000 | 01213cam a2200373 i 4500 | ||
|---|---|---|---|
| 001 | 624202 | ||
| 003 | ARRUPE | ||
| 005 | 20150722145239.0 | ||
| 008 | 781113r19771971enka b 001 0 eng | ||
| 010 | _a 77084001 | ||
| 020 |
_a0521218632 : _c$11.95. |
||
| 020 |
_a0521292956 (pbk.) : _c$5.95 |
||
| 035 | _a(OCoLC)3360877 | ||
| 035 | _a(OCoLC)ocm03360877 | ||
| 035 | _a(CStRLIN)NYCG8754012-B | ||
| 035 | _a(NNC)624202 | ||
| 040 |
_dCStRLIN _dNNC _cArrupe |
||
| 050 | 0 |
_aQA802 _b.W47 1977 |
|
| 082 | _a531/.09/032 | ||
| 090 |
_aQA802 _b.W47 1977 |
||
| 100 | 1 |
_aWestfall, Richard S. _918514 |
|
| 245 | 1 | 4 |
_aThe construction of modern science : _bmechanisms and mechanics / _cRichard S. Westfall. |
| 260 |
_aLondon ; _aNew York : _bCambridge University Press, _c1977. |
||
| 300 |
_axiii, 171 p. : _bill. ; _c22 cm. |
||
| 490 | 1 | _aHistory of science | |
| 500 | _aReprint of the 1971 ed. published by Wiley, New York, in series: Wiley history of science. | ||
| 500 | _aIncludes index. | ||
| 504 | _aBibliography: p. 160-165. | ||
| 650 | 0 |
_aMechanics _xHistory. _918515 |
|
| 650 | 0 |
_aScience _xHistory. _918516 |
|
| 830 | 0 |
_aHistory of science. _918517 |
|
| 942 |
_2lcc _cMONOGRAPH |
||
| 999 |
_c123034 _d123034 |
||